000 00634nam a2200241 i 4500
001 C2-0262906
003 PPAK
005 20180727231832.0
008 050228s2005 my |||| ||||| | may d
020 _a9838936200
040 _aPPAK
_beng
_cPPAK
_erda
082 0 4 _a899.233
_223
090 0 0 _a899.233
_bJAM
_dG
100 0 _aJamilah Ahmad,
_eauthor
245 1 0 _aKau tetap di hatiku
264 1 _aKuala Lumpur :
_bCreative Enterprise ,
_c[2005]
300 _a414 pages ;
_c19 cm
336 _2rdacontent
_atext
337 _2rdamedia
_aunmediated
338 _2rdacarrier
_avolume
650 1 0 _aMalay fiction
942 _ddc
_cB
999 _c73181
_d73181